Irrigation technology, theory and practice / (Record no. 13064)
[ view plain ]
| 000 -LEADER | |
|---|---|
| fixed length control field | 00347cam a2200133ua 4500 |
| 020 ## - INTERNATIONAL STANDARD BOOK NUMBER | |
| ISBN | 818321116x |
| 082 ## - DEWEY DECIMAL CLASSIFICATION NUMBER | |
| Classification number | 631.587 |
| Item number | RAO/IR |
| 100 ## - MAIN ENTRY--AUTHOR NAME | |
| Personal name | Rao, Y. P. |
| 245 ## - TITLE STATEMENT | |
| Title | Irrigation technology, theory and practice / |
| 260 ## - PUBLICATION, DISTRIBUTION, ETC. (IMPRINT) | |
| Place of publication | Udaypur : |
| Name of publisher | Agro-tech publishing academy , |
| Year of publication | 2008. |
| 300 ## - PHYSICAL DESCRIPTION | |
| Number of Pages | 472 ; |
| Accompanying material | `. |
| 700 1# - ADDED ENTRY--PERSONAL NAME | |
| Personal name | Bhakar, S.R . |
| 942 ## - ADDED ENTRY ELEMENTS (KOHA) | |
| Koha item type | Books |
| Withdrawn status | Lost status | Damaged status | Home library | Current library | Date acquired | Full call number | Accession Number | Koha item type | Collection code | Shelving location | Source of acquisition | Cost, normal purchase price |
|---|---|---|---|---|---|---|---|---|---|---|---|---|
| KAUAET | KAUAET | 07/04/2012 | 631.587 | 21647 | Books | |||||||
| KAUAET | KAUAET | 07/04/2012 | 631.587 | 21524 | Books | |||||||
| KAUAET | KAUAET | 31/03/2012 | 631.587 RAO/IR | 22626 | Books | Non-fiction | General Stacks | Penta Book Distributors, Calicut | 1480.00 | |||
| KAUAET | KAUAET | 31/03/2012 | 631.587 RAO/IR | 22627 | Books | Non-fiction | General Stacks | Penta Book Distributors, Calicut | 1480.00 |
